Отыскание степени наполнения для изменившегося противодавления; Вестник Общества технологов; № 3; № 8; № 11; № 12
| Parent link: | Вестник Общества технологов.— , 1908 № 3.— 1908 № 8 № 11 № 12 |
|---|---|
| 主要作者: | |
| 總結: | В фонде НТБ ТПУ отсутствует |
| 語言: | 俄语 |
| 出版: |
1908
|
| 主題: | |
| 格式: | Book Chapter |
| KOHA link: | https://koha.lib.tpu.ru/cgi-bin/koha/opac-detail.pl?biblionumber=592188 |
MARC
| LEADER | 00000naa0a2200000 4500 | ||
|---|---|---|---|
| 001 | 592188 | ||
| 005 | 20250128141330.0 | ||
| 035 | |a (RuTPU)RU\TPU\tpu\3609 | ||
| 035 | |a TPU00003609 | ||
| 090 | |a 592188 | ||
| 100 | |a 20011210d1908 k||y0rusy50 ca | ||
| 101 | 0 | |a rus | |
| 102 | |a RU | ||
| 200 | 1 | |a Отыскание степени наполнения для изменившегося противодавления |f И. Н. Бутаков | |
| 333 | |a В фонде НТБ ТПУ отсутствует | ||
| 461 | |t Вестник Общества технологов |d 1908 | ||
| 463 | |t № 3 |d 1908 |d 1908 |d 1908 |d 1908 | ||
| 463 | |t № 8 | ||
| 463 | |t № 11 | ||
| 463 | |t № 12 | ||
| 610 | 1 | |a энергетика | |
| 610 | 1 | |a труды учёных ТПУ | |
| 700 | 1 | |a Бутаков |b И. Н. |c ученый-теплотехник |c профессор Томского политехнического института |f 1881-1970 |g Иннокентий Николаевич |3 (RuTPU)RU\TPU\pers\18396 | |
| 801 | 0 | |a RU |b 63413507 |c 20011210 |g PSBO | |
| 801 | 2 | |a RU |b 63413507 |c 20120215 |g PSBO | |
| 942 | |c CR | ||